000 00438nam a22001577a 4500
005 20260311170845.0
008 260311b |||||||| |||| 00| 0 eng d
041 _aeng
082 _a622.097 54 BAR-M
100 _aBARE ACT
245 _aTHE MINES & MINERALS ( DEVELOPMENT & REGULATION) ACT, 1957 : [ ACT67 OF 1957, DT. 28-12-1957]
260 _aCOMMERCIAL LAW PUBLISHERS PVT.LTD
300 _a922;P
650 _aMINING
942 _cBK
999 _c9092
_d9090